¿Es útil la educación superior? (Record no. 79548)
[ view plain ]
| 000 -CABECERA | |
|---|---|
| campo de control de longitud fija | 00557nam a2200193 a 4500 |
| 005 - FECHA Y HORA DE LA ÚLTIMA TRANSACCIÓN | |
| campo de control | 20210219153536.0 |
| 008 - ELEMENTOS DE LONGITUD FIJA--INFORMACIÓN GENERAL | |
| campo de control de longitud fija | 991125n 000 0 u |
| 035 ## - NÚMERO DE CONTROL DEL SISTEMA | |
| Número de control de sistema | UPN01000105598 |
| 100 ## - ASIENTO PRINCIPAL--NOMBRE PERSONAL | |
| Nombre de persona | LOWE, Adolph |
| 222 ## - TÍTULO CLAVE | |
| Título clave | REVISTA DE LA ESCUELA NORMAL SUPERIOR DE MEXICO |
| 245 ## - MENCIÓN DE TÍTULO | |
| Título | ¿Es útil la educación superior? |
| 300 ## - DESCRIPCIÓN FÍSICA | |
| Extensión | 43-53 |
| 362 ## - FECHAS DE PUBLICACIÓN Y/O DESIGNACIÓN SECUENCIAL | |
| Fecha de publicación y/o designación secuencial | 1972-1973 3ê época, no. 16 sep. |
| 653 0# - TERMINO DE INDIZACION - NO CONTROLADO | |
| Término no controlado | CIENCIAS SOCIALES |
| 653 0# - TERMINO DE INDIZACION - NO CONTROLADO | |
| Término no controlado | DESARROLLO CIENTIFICO Y TECNOLOGICO |
| 653 0# - TERMINO DE INDIZACION - NO CONTROLADO | |
| Término no controlado | EDUCACION SUPERIOR |
| 904 ## - ELEMENTOS DE DATOS D LOCAL, LDD (RLIN) | |
| a | AC |
| b | 043409 |
| 905 ## - TIPO DE MATERIAL | |
| Tipo de material | Articulo |
No items available.
